[Event "Medjimurske Team Cup"]
[Site "Nedelisce"]
[Date "2018.03.11"]
[Round "5.8"]
[White "Bozic, Miljenko"]
[Black "Hrgar, Marko"]
[Result "1/2-1/2"]
[WhiteElo "1950"]
[BlackElo "1748"]
[PlyCount "23"]
[EventDate "2018.02.11"]
[EventType "team-swiss"]
[EventRounds "6"]
[EventCountry "CRO"]
[SourceTitle "CBM 183 Extra"]
[Source "ChessBase"]
[SourceDate "2018.04.19"]
[SourceVersion "1"]
[SourceVersionDate "2018.04.19"]
[SourceQuality "1"]

1. e4 d6 2. d4 g6 3. f4 Bg7 4. Nf3 Nf6 5. Bd3 0-0 6. 0-0 Bg4 7. c3 e5 8. Qb3 Bxf3 9. Rxf3 exd4 10. Qc2 Nc6 11. a3 Qe7 12. Rf1 1/2-1/2

[Event "CRO-chT3B Center North"]
[Site "Croatia"]
[Date "2016.05.08"]
[Round "5.1"]
[White "Bozic, Miljenko"]
[Black "Sermek, Antonio"]
[Result "0-1"]
[WhiteElo "1977"]
[BlackElo "2041"]
[PlyCount "56"]
[EventDate "2016.04.03"]
[EventType "team-tourn"]
[EventRounds "9"]
[EventCountry "CRO"]
[SourceTitle "EXT 2019"]
[Source "ChessBase"]
[SourceDate "2018.10.10"]
[SourceVersion "1"]
[SourceVersionDate "2018.10.10"]
[SourceQuality "1"]

1. e4 e5 2. Nc3 Nf6 3. g3 Nc6 4. Bg2 d6 5. h3 Be6 6. Nge2 Be7 7. d4 exd4 8. Nxd4 Nxd4 9. Qxd4 0-0 10. Be3 c6 11. 0-0 Qa5 12. g4 h6 13. Qd2 Qc7 14. Ne2 Rfe8 15. Ng3 Rad8 16. Nf5 Bf8 17. Bd4 Nh7 18. h4 d5 19. exd5 Bxd5 20. f3 Be6 21. Qf2 Bxf5 22. gxf5 Qf4 23. Rad1 Qxf5 24. Bxa7 Ra8 25. Bd4 Rxa2 26. Rd2 Qf4 27. Bh3 c5 28. Bc3 Nf6 0-1

[Event "CRO-chT3B Center North"]
[Site "Croatia"]
[Date "2013.04.14"]
[Round "1.4"]
[White "Srsan, Matija"]
[Black "Bozic, Miljenko"]
[Result "1-0"]
[WhiteElo "1869"]
[BlackElo "2020"]
[PlyCount "45"]
[EventDate "2013.04.14"]
[EventType "team-tourn"]
[EventRounds "9"]
[EventCountry "CRO"]
[SourceTitle "EXT 2019"]
[Source "ChessBase"]
[SourceDate "2018.10.10"]
[SourceVersion "1"]
[SourceVersionDate "2018.10.10"]
[SourceQuality "1"]

1. e4 d6 2. f4 g6 3. Nf3 c6 4. Nc3 Bg7 5. d4 Nf6 6. Be3 h5 7. Qd2 b5 8. Bd3 a6 9. e5 Ng4 10. h3 Nxe3 11. Qxe3 Bf5 12. Bxf5 gxf5 13. e6 Rh6 14. Ng5 Qc8 15. exf7+ Kd7 16. d5 Bxc3+ 17. Qxc3 Rf6 18. Qxf6 exf6 19. Ne6 Ke7 20. f8Q+ Qxf8 21. Nxf8 Kxf8 22. 0-0-0 c5 23. Rhe1 1-0

[Event "CRO-chT3B Center North"]
[Site "Croatia"]
[Date "2012.10.20"]
[Round "8.44"]
[White "Kovac, Hrvoje"]
[Black "Bozic, Miljenko"]
[Result "1/2-1/2"]
[WhiteElo "1815"]
[BlackElo "2016"]
[PlyCount "35"]
[EventDate "2012.04.14"]
[EventType "team-tourn"]
[EventRounds "9"]
[EventCountry "CRO"]
[SourceTitle "EXT 2013"]
[Source "ChessBase"]
[SourceDate "2012.11.22"]
[SourceVersion "1"]
[SourceVersionDate "2012.11.22"]
[SourceQuality "1"]

1. e4 d6 2. d4 Nc6 3. Nf3 Nf6 4. Nc3 Bg4 5. Be2 e6 6. Bg5 Be7 7. Qd3 Qd7 8. a3 a6 9. h3 Bh5 10. d5 exd5 11. exd5 Bxf3 12. dxc6 Bxc6 13. 0-0 0-0 14. Rfe1 Rfe8 15. Bxf6 Bxf6 16. Bg4 Qd8 17. Rad1 Be5 18. Nd5 1/2-1/2

[Event "Medimurska CupT"]
[Site "Cakovec"]
[Date "2011.02.13"]
[Round "2"]
[White "Balaskovic, Sandro"]
[Black "Bozic, Miljenko"]
[Result "1-0"]
[WhiteElo "2006"]
[BlackElo "2001"]
[PlyCount "85"]
[EventDate "2011.02.06"]
[EventType "team-swiss"]
[EventRounds "5"]
[EventCountry "CRO"]
[SourceTitle "EXT 2012"]
[Source "ChessBase"]
[SourceDate "2011.11.24"]
[SourceVersion "1"]
[SourceVersionDate "2011.11.24"]
[SourceQuality "1"]

1. e4 Nc6 2. d4 e5 3. d5 Nce7 4. c4 Ng6 5. Nc3 Bc5 6. Nf3 d6 7. Bd3 Nf6 8. h3 h6 9. Bd2 Nh5 10. g3 Nf6 11. Na4 Bb6 12. Nxb6 axb6 13. Bc3 Bd7 14. Qd2 Nh7 15. b3 Ng5 16. Ng1 Qc8 17. f4 Nh7 18. f5 Ngf8 19. g4 Qd8 20. h4 Qe7 21. Nf3 0-0-0 22. a4 Qe8 23. a5 b5 24. a6 b6 25. a7 Kb7 26. Qa2 Ka8 27. Qa6 Bc8 28. Qa2 Nd7 29. b4 Ndf6 30. Rg1 Rg8 31. cxb5 h5 32. g5 Ng4 33. Qc4 Qe7 34. Bd2 Bb7 35. Be2 Qd7 36. Rg2 Rge8 37. Ng1 g6 38. Bxg4 hxg4 39. f6 Rc8 40. Kd1 Rh8 41. Qe2 Nf8 42. Rxg4 Rh5 43. Be1 1-0

[Event "CRO-chT3B Center North"]
[Site "Cakovec"]
[Date "2010.10.09"]
[Round "7.54"]
[White "Heric, Srecko"]
[Black "Bozic, Miljenko"]
[Result "0-1"]
[WhiteElo "2065"]
[BlackElo "1945"]
[PlyCount "86"]
[EventDate "2010.03.27"]
[EventType "team-tourn"]
[EventRounds "9"]
[EventCountry "CRO"]
[SourceTitle "EXT 2012"]
[Source "ChessBase"]
[SourceDate "2011.11.24"]
[SourceVersion "1"]
[SourceVersionDate "2011.11.24"]
[SourceQuality "1"]

1. d4 Nf6 2. c3 b6 3. Nf3 g6 4. e3 a5 5. Nbd2 Bg7 6. Bd3 0-0 7. 0-0 d6 8. Ne4 Nbd7 9. a3 Bb7 10. Nfd2 e5 11. h3 Nxe4 12. Nxe4 d5 13. Ng3 e4 14. Be2 Qh4 15. c4 Nf6 16. cxd5 Bxd5 17. Bd2 Rfd8 18. Rc1 Ra7 19. Bc4 Bf8 20. Be1 Qg5 21. Ne2 Bxc4 22. Rxc4 Nd5 23. Nc3 Nxc3 24. Rxc3 c5 25. Bd2 Qd5 26. Qb3 a4 27. Qxb6 Rb7 28. Qa5 Rxb2 29. Bc1 Rb3 30. dxc5 Ra8 31. Qb4 Rxb4 32. axb4 Bg7 33. Ra3 Qc4 34. Bd2 Bb2 35. Rfa1 Bxa1 36. Rxa1 Qc2 37. Be1 a3 38. b5 Qxc5 39. Rd1 a2 40. b6 Qxb6 41. Bc3 Qb3 42. Rc1 Qxc3 43. Rxc3 a1Q+ 0-1